[Event "SVK-ch U16"]
[Site "Liptovsky Mikulas"]
[Date "2019.04.30"]
[Round "9"]
[White "Sandor, Martin"]
[Black "Ferencak, Jakub"]
[Result "1-0"]
[WhiteElo "2015"]
[BlackElo "1897"]
[PlyCount "65"]
[EventDate "2019.04.23"]
[EventType "swiss"]
[EventRounds "9"]
[EventCountry "SVK"]
[SourceTitle "CBM 190 Extra"]
[Source "ChessBase"]
[SourceDate "2019.07.15"]
[SourceVersion "1"]
[SourceVersionDate "2019.07.15"]
[SourceQuality "1"]

1. e4 e5 2. Nf3 Nf6 3. Nxe5 d6 4. Nf3 Nxe4 5. d4 d5 6. Bd3 Nc6 7. 0-0 Be7 8. c4 Nf6 9. h3 0-0 10. Nc3 h6 11. a3 Be6 12. c5 a6 13. Bf4 Nd7 14. Bc2 Bf6 15. Re1 Ne7 16. g4 g5 17. Qd3 Bf5 18. gxf5 gxf4 19. Kh1 Kh8 20. Qd2 Rg8 21. Rg1 c6 22. Qxf4 Qf8 23. Qd6 Rd8 24. Qc7 Bxd4 25. Nxd4 Nxc5 26. Qe5+ f6 27. Rxg8+ Nxg8 28. Qf4 Qf7 29. b4 Nd7 30. Ne6 Re8 31. Rg1 Ne5 32. Bd1 Qe7 33. Bh5 1-0

[Event "SVK-ch U16"]
[Site "Liptovsky Mikulas"]
[Date "2019.04.26"]
[Round "5"]
[White "Ferencak, Jakub"]
[Black "Zumrik, Marek"]
[Result "0-1"]
[WhiteElo "1897"]
[BlackElo "1575"]
[PlyCount "102"]
[EventDate "2019.04.23"]
[EventType "swiss"]
[EventRounds "9"]
[EventCountry "SVK"]
[SourceTitle "CBM 190 Extra"]
[Source "ChessBase"]
[SourceDate "2019.07.15"]
[SourceVersion "1"]
[SourceVersionDate "2019.07.15"]
[SourceQuality "1"]

1. d4 d5 2. e3 Nf6 3. Bd3 c5 4. c3 Nc6 5. f4 Bg4 6. Nf3 e6 7. 0-0 Be7 8. Nbd2 0-0 9. Qe1 Bf5 10. Ne5 Rc8 11. h3 Re8 12. g4 Bxd3 13. Nxd3 Nd7 14. Nf3 c4 15. Nde5 b5 16. Nxd7 Qxd7 17. e4 a5 18. e5 b4 19. Nh4 Qd8 20. Ng2 a4 21. f5 Bf8 22. Qg3 Qb6 23. Kh2 a3 24. Qf2 Rc7 25. Nf4 Rb7 26. Nh5 axb2 27. Bxb2 bxc3 28. Bxc3 Ra8 29. g5 Ra3 30. Rab1 Qxb1 31. Rxb1 Rxb1 32. Qc2 Rb7 33. g6 Rba7 34. gxh7+ Kh8 35. Kh1 Rxa2 36. Qc1 R7a3 37. fxe6 Nxd4 38. e7 Bxe7 39. Qg1 Ne6 40. Qc1 d4 41. Bxd4 Nxd4 42. Qxc4 Ne6 43. Nf4 Ra4 44. Qc8+ Nf8 45. Qf5 Rd4 46. Nd3 Ra3 47. Qxf7 Kxh7 48. Qxe7 Rdxd3 49. Qxf8 Rd1+ 50. Kg2 Rd2+ 51. Kf1 Ra1# 0-1

[Event "SVK-chT1E 1819"]
[Site "Slovakia"]
[Date "2019.01.12"]
[Round "5.2"]
[White "Ferencak, Jakub"]
[Black "Tropp, Oliver"]
[Result "1-0"]
[WhiteElo "1948"]
[BlackElo "2196"]
[PlyCount "55"]
[EventDate "2018.10.27"]
[EventType "team-tourn"]
[EventRounds "11"]
[EventCountry "SVK"]
[SourceTitle "CBM 188 Extra"]
[Source "ChessBase"]
[SourceDate "2019.02.26"]
[SourceVersion "1"]
[SourceVersionDate "2019.02.26"]
[SourceQuality "1"]
[WhiteTeam "Kezmarok"]
[BlackTeam "Liptov Chess School II"]
[WhiteTeamCountry "SVK"]
[BlackTeamCountry "SVK"]

1. d4 d5 2. e3 Nf6 3. Bd3 c5 4. c3 Nc6 5. f4 c4 6. Bc2 b5 7. Nf3 a5 8. 0-0 Bb7 9. Ne5 Qc7 10. Nd2 e6 11. Qf3 h5 12. e4 Ne7 13. b3 dxe4 14. Nxe4 Nf5 15. bxc4 Nd6 16. Nxd6+ Bxd6 17. Qg3 h4 18. Qg5 bxc4 19. Qxg7 0-0-0 20. Qxf6 Rdg8 21. Rf2 Bxg2 22. Rxg2 Rxg2+ 23. Kxg2 Qb7+ 24. Nf3 Rg8+ 25. Kf2 h3 26. Ke3 Rg2 27. Be4 Qc7 28. Rb1 1-0

[Event "SVK-chT1E 1819"]
[Site "Slovakia"]
[Date "2018.11.25"]
[Round "4.6"]
[White "Ferencak, Jakub"]
[Black "Berta, Sandor Martin"]
[Result "1-0"]
[WhiteElo "1996"]
[BlackElo "2072"]
[PlyCount "103"]
[EventDate "2018.10.27"]
[EventType "team-tourn"]
[EventRounds "11"]
[EventCountry "SVK"]
[SourceTitle "CBM 188 Extra"]
[Source "ChessBase"]
[SourceDate "2019.02.26"]
[SourceVersion "1"]
[SourceVersionDate "2019.02.26"]
[SourceQuality "1"]
[WhiteTeam "Kezmarok"]
[BlackTeam "Cebovce"]
[WhiteTeamCountry "SVK"]
[BlackTeamCountry "SVK"]

1. d4 g6 2. Nf3 Bg7 3. g3 Nf6 4. Bg2 0-0 5. 0-0 d6 6. Nbd2 Qe8 7. c3 e5 8. Qc2 e4 9. Ng5 d5 10. e3 Bf5 11. Nh3 Qd7 12. Nf4 g5 13. Ne2 c6 14. Qb3 Ng4 15. c4 Be6 16. cxd5 Bxd5 17. Qc2 f5 18. b4 Na6 19. a3 Rae8 20. Rb1 Nc7 21. a4 f4 22. Bxe4 Bxe4 23. Nxe4 Rxe4 24. Qxe4 f3 25. Nf4 gxf4 26. exf4 Qxd4 27. Qxf3 Nf6 28. Bb2 Qd5 29. Qxd5+ Nfxd5 30. Be5 a6 31. Rfe1 Kf7 32. Rbd1 Rc8 33. Kg2 Bf8 34. Re4 Kg6 35. Kf3 Nxb4 36. Rd7 Nbd5 37. g4 c5 38. f5+ Kh6 39. h4 Be7 40. g5+ Bxg5 41. hxg5+ Kxg5 42. f6 Nxf6 43. Rg7+ Kf5 44. Rf7 Ncd5 45. Bxf6 Kg6 46. Rxb7 Kxf6 47. Rxh7 c4 48. Rhh4 c3 49. Rc4 Re8 50. Rh6+ Kf5 51. Rh5+ Ke6 52. Re4+ 1-0

[Event "SVK-chT1E 1819"]
[Site "Slovakia"]
[Date "2018.10.27"]
[Round "1.3"]
[White "Jurcik, Martin"]
[Black "Ferencak, Jakub"]
[Result "1-0"]
[WhiteElo "2333"]
[BlackElo "2011"]
[PlyCount "95"]
[EventDate "2018.10.27"]
[EventType "team-tourn"]
[EventRounds "11"]
[EventCountry "SVK"]
[SourceTitle "CBM 187 Extra"]
[Source "ChessBase"]
[SourceDate "2018.11.04"]
[SourceVersion "1"]
[SourceVersionDate "2018.11.04"]
[SourceQuality "1"]
[WhiteTeam "Kysucke Nove Mesto"]
[BlackTeam "Kezmarok"]
[WhiteTeamCountry "SVK"]
[BlackTeamCountry "SVK"]

1. e4 e5 2. Nf3 Nc6 3. Bb5 a6 4. Ba4 Nf6 5. 0-0 Be7 6. Re1 b5 7. Bb3 0-0 8. h3 Bb7 9. d3 d6 10. a3 Re8 11. Ng5 Rf8 12. f4 Nd4 13. Ba2 h6 14. c3 Nc6 15. Nf3 Nh7 16. d4 exf4 17. Bxf4 Ng5 18. Nbd2 Na5 19. b4 Nc6 20. a4 Na7 21. Nxg5 Bxg5 22. Rf1 Qf6 23. Qg4 Bc8 24. Qg3 Bh4 25. Qe3 Qg6 26. e5 dxe5 27. Bxe5 Bg5 28. Qg3 Be6 29. Bb1 Qh5 30. Be4 f6 31. Bxa8 Bxd2 32. Bxf6 g5 33. Bf3 Qg6 34. Be5 Bxc3 35. Rac1 Bxb4 36. Rxc7 Rf7 37. Rxf7 Bxf7 38. Qg4 Be6 39. Qe4 Qxe4 40. Bxe4 bxa4 41. Rf6 Bc4 42. d5 Bc5+ 43. Kh1 a3 44. d6 Bb5 45. d7 Bxd7 46. Bd5+ Kh7 47. Rf7+ Kg6 48. g4 1-0

[Event "SVK-ch U16"]
[Site "Liptovsky Mikulas"]
[Date "2018.04.22"]
[Round "3"]
[White "Stauder, Matej"]
[Black "Ferencak, Jakub"]
[Result "0-1"]
[WhiteElo "1881"]
[BlackElo "1974"]
[PlyCount "108"]
[EventDate "2018.04.21"]
[EventType "swiss"]
[EventRounds "9"]
[EventCountry "SVK"]
[SourceTitle "CBM 184 Extra"]
[Source "ChessBase"]
[SourceDate "2018.06.28"]
[SourceVersion "1"]
[SourceVersionDate "2018.06.28"]
[SourceQuality "1"]

1. d4 f5 2. Nf3 Nf6 3. Bf4 d6 4. e3 g6 5. Bc4 e6 6. c3 d5 7. Bb3 Nbd7 8. Nbd2 Bd6 9. Ne5 Nh5 10. h4 Nxe5 11. dxe5 Be7 12. Nf3 Nxf4 13. exf4 Bd7 14. g3 c5 15. Qe2 Qb6 16. 0-0 Bb5 17. c4 Bxc4 18. Bxc4 dxc4 19. Qxc4 Qc6 20. Ng5 Bxg5 21. fxg5 Kf7 22. Rac1 Rac8 23. Rc3 Rhd8 24. Qe2 Rd5 25. Rd1 Rcd8 26. Rxd5 Qxd5 27. Qb5 b6 28. Ra3 Rd7 29. Qe2 Ke7 30. g4 Qd1+ 31. Qxd1 Rxd1+ 32. Kg2 Rd7 33. Kf3 c4 34. gxf5 exf5 35. Ke3 Ke6 36. f4 a5 37. Rc3 Kd5 38. b3 b5 39. a4 bxa4 40. Rxc4 axb3 41. Rd4+ Ke6 42. Rxd7 Kxd7 43. Kd3 a4 44. Kc3 Ke6 45. Kb2 Kd5 46. Ka3 Kc5 47. Kb2 Kb4 48. e6 a3+ 49. Kb1 Kc3 50. e7 a2+ 51. Ka1 Kc2 52. e8Q b2+ 53. Kxa2 b1Q+ 54. Ka3 Qb3# 0-1

[Event "SVK-chT1E 1718"]
[Site "Slovakia"]
[Date "2017.12.02"]
[Round "5.8"]
[White "Ferencak, Jakub"]
[Black "Brnusak, Tomas"]
[Result "0-1"]
[WhiteElo "1898"]
[BlackElo "1822"]
[PlyCount "72"]
[EventDate "2017.10.21"]
[EventType "team-tourn"]
[EventRounds "11"]
[EventCountry "SVK"]
[SourceTitle "EXT 2019"]
[Source "ChessBase"]
[SourceDate "2018.10.10"]
[SourceVersion "1"]
[SourceVersionDate "2018.10.10"]
[SourceQuality "1"]
[WhiteTeam "Kezmarok"]
[BlackTeam "Liptov Chess School II"]
[WhiteTeamCountry "SVK"]
[BlackTeamCountry "SVK"]

1. d4 Nf6 2. e3 g6 3. Bd3 Bg7 4. f4 0-0 5. Nf3 d6 6. Nbd2 Nc6 7. a3 e5 8. 0-0 Re8 9. Bb5 e4 10. d5 exf3 11. dxc6 fxg2 12. Re1 b6 13. Kxg2 Ng4 14. Nf3 Bf5 15. Bd3 Be4 16. Bxe4 Rxe4 17. Ng5 Nxe3+ 18. Bxe3 Rc4 19. Nxf7 Qf6 20. Ng5 Qf5 21. Qd3 Rxc2+ 22. Qe2 Rxe2+ 23. Rxe2 Rf8 24. Rae1 Qg4+ 25. Kh1 h6 26. Rg2 Qf5 27. Nf3 Qd5 28. Nh4 Rf6 29. Reg1 Re6 30. Re1 g5 31. f5 Re8 32. Kg1 Bd4 33. Kf2 Bxe3+ 34. Kf1 Qc4+ 35. Rge2 Qxh4 36. Rxe3 Qf4+ 0-1

[Event "SVK-ch U14"]
[Site "Liptovsky Mikulas"]
[Date "2017.04.28"]
[Round "9"]
[White "Ferencak, Jakub"]
[Black "Sahidi, Samir"]
[Result "0-1"]
[WhiteElo "1652"]
[BlackElo "2273"]
[PlyCount "82"]
[EventDate "2017.04.22"]
[EventType "swiss"]
[EventRounds "9"]
[EventCountry "SVK"]
[SourceTitle "CBM 178 Extra"]
[Source "ChessBase"]
[SourceDate "2017.06.22"]
[SourceVersion "1"]
[SourceVersionDate "2017.06.22"]
[SourceQuality "1"]

1. d4 Nf6 2. c4 g6 3. g3 Bg7 4. Bg2 0-0 5. Nc3 d6 6. e3 c6 7. Nf3 Bg4 8. 0-0 Qc8 9. Qd3 Re8 10. e4 Bxf3 11. Qxf3 Nbd7 12. Qe2 Qc7 13. Be3 h5 14. f3 a6 15. Rac1 e6 16. d5 exd5 17. cxd5 c5 18. Qd2 b5 19. b3 Nb6 20. Kh1 Qd7 21. Ne2 a5 22. a3 b4 23. axb4 axb4 24. Nf4 Ra3 25. Rb1 Qa7 26. Nd3 Ra2 27. Qe1 Nfxd5 28. Bd2 Nc3 29. Bxc3 bxc3 30. Rf2 Rxf2 31. Qxf2 Bd4 32. Qc2 Ra8 33. Nc1 Qa5 34. h4 Nd7 35. Kh2 Ne5 36. Kh3 Nc6 37. Nd3 Qa2 38. Rc1 Qxc2 39. Rxc2 Ra1 40. Kh2 Rd1 41. Nc1 Nb4 0-1

[Event "SVK-ch U14"]
[Site "Liptovsky Mikulas"]
[Date "2017.04.25"]
[Round "5"]
[White "Ferencak, Jakub"]
[Black "Vadila, Ondrej"]
[Result "1-0"]
[WhiteElo "1652"]
[BlackElo "1771"]
[PlyCount "99"]
[EventDate "2017.04.22"]
[EventType "swiss"]
[EventRounds "9"]
[EventCountry "SVK"]
[SourceTitle "CBM 178 Extra"]
[Source "ChessBase"]
[SourceDate "2017.06.22"]
[SourceVersion "1"]
[SourceVersionDate "2017.06.22"]
[SourceQuality "1"]

1. d4 g6 2. c4 c5 3. e3 Bg7 4. Nf3 Nf6 5. Nc3 0-0 6. g3 b6 7. Bg2 Bb7 8. 0-0 d6 9. d5 Nbd7 10. Rb1 Ng4 11. Qd2 Ba6 12. b3 b5 13. Nxb5 Bxb5 14. cxb5 Qb6 15. Bb2 Bxb2 16. Rxb2 Qxb5 17. b4 Rab8 18. Rfb1 Qa4 19. bxc5 Rxb2 20. Rxb2 dxc5 21. Qc2 Qxc2 22. Rxc2 Rc8 23. Bh3 f5 24. e4 Nde5 25. Nxe5 Nxe5 26. exf5 gxf5 27. Bxf5 Nf3+ 28. Kf1 Nd4 29. Bxc8 Nxc2 30. Ba6 Kg7 31. Ke2 Kf6 32. f4 e5 33. Kf3 Nd4+ 34. Ke4 exf4 35. Kxf4 Nf5 36. g4 Nd6 37. g5+ Ke7 38. Bd3 c4 39. Bxh7 Kf7 40. Ke3 Kg7 41. Bc2 Nf7 42. Kd4 Nxg5 43. Kxc4 Kf7 44. Kc5 Ke7 45. h4 Nf7 46. h5 Kd7 47. Bf5+ Ke7 48. Kc6 Nd8+ 49. Kc7 Nf7 50. h6 1-0

[Event "SVK-ch U14"]
[Site "Liptovsky Mikulas"]
[Date "2017.04.24"]
[Round "4"]
[White "Sandor, Martin"]
[Black "Ferencak, Jakub"]
[Result "1/2-1/2"]
[WhiteElo "1881"]
[BlackElo "1652"]
[PlyCount "44"]
[EventDate "2017.04.22"]
[EventType "swiss"]
[EventRounds "9"]
[EventCountry "SVK"]
[SourceTitle "CBM 178 Extra"]
[Source "ChessBase"]
[SourceDate "2017.06.22"]
[SourceVersion "1"]
[SourceVersionDate "2017.06.22"]
[SourceQuality "1"]

1. e4 e5 2. Nf3 Nc6 3. Nc3 Nf6 4. Bb5 Nd4 5. Nxd4 exd4 6. e5 dxc3 7. exf6 Qxf6 8. dxc3 Bc5 9. 0-0 0-0 10. Rb1 c6 11. Bd3 d5 12. Qh5 h6 13. c4 dxc4 14. Bxc4 Bb6 15. Bd2 Bf5 16. Bc3 Qg6 17. Qxg6 Bxg6 18. Bb3 Rad8 19. Rbd1 Rxd1 20. Rxd1 Rd8 21. Rxd8+ Bxd8 22. Bd4 a5 1/2-1/2

[Event "SVK-ch U14"]
[Site "Liptovsky Mikulas"]
[Date "2017.04.23"]
[Round "3"]
[White "Ferencak, Jakub"]
[Black "Priechodsky, Radovan"]
[Result "1-0"]
[WhiteElo "1652"]
[BlackElo "1317"]
[PlyCount "53"]
[EventDate "2017.04.22"]
[EventType "swiss"]
[EventRounds "9"]
[EventCountry "SVK"]
[SourceTitle "CBM 178 Extra"]
[Source "ChessBase"]
[SourceDate "2017.06.22"]
[SourceVersion "1"]
[SourceVersionDate "2017.06.22"]
[SourceQuality "1"]

1. d4 f5 2. Nf3 Nf6 3. g3 e6 4. Bg2 d5 5. 0-0 Bd6 6. b3 0-0 7. Ba3 b6 8. Bxd6 cxd6 9. Nbd2 Nbd7 10. c4 Ba6 11. cxd5 Nxd5 12. Nc4 N7f6 13. Rc1 Rc8 14. a4 b5 15. axb5 Bxb5 16. Nfd2 Qd7 17. e3 Nb4 18. Qf3 Ne4 19. Nxe4 fxe4 20. Qd1 d5 21. Ne5 Qb7 22. Qg4 Bxf1 23. Qxe6+ Kh8 24. Rxc8 Qxc8 25. Nf7+ Kg8 26. Nh6+ Kh8 27. Qg8+ 1-0

[Event "SVK-ch U12"]
[Site "Tatralandia"]
[Date "2015.04.20"]
[Round "3"]
[White "Ferencak, Jakub"]
[Black "Cedzo, Adam"]
[Result "1-0"]
[WhiteElo "1289"]
[BlackElo "1000"]
[PlyCount "47"]
[EventDate "2015.04.18"]
[EventType "swiss"]
[EventRounds "9"]
[EventCountry "SVK"]
[SourceTitle "CBM 166 Extra"]
[Source "ChessBase"]
[SourceDate "2015.06.18"]
[SourceVersion "1"]
[SourceVersionDate "2015.06.18"]
[SourceQuality "1"]

1. e4 e5 2. Nf3 Nc6 3. Bc4 Bc5 4. d3 h6 5. Nc3 Nf6 6. 0-0 0-0 7. Be3 Bxe3 8. fxe3 d6 9. d4 exd4 10. exd4 Re8 11. Bb3 Nxe4 12. Nxe4 Rxe4 13. Bxf7+ Kh8 14. Qd3 Re7 15. Nh4 Rxf7 16. Rxf7 Be6 17. Rf8+ Qxf8 18. Ng6+ Kg8 19. Nxf8 Rxf8 20. d5 Bf5 21. Qc3 Ne7 22. Qxc7 Nxd5 23. Qxb7 Ne3 24. Qb3+ 1-0

[Event "SVK-ch U12"]
[Site "Stara Lubovna"]
[Date "2014.04.12"]
[Round "9"]
[White "Antal, Jakub"]
[Black "Ferencak, Jakub"]
[Result "0-1"]
[WhiteElo "1185"]
[BlackElo "1204"]
[PlyCount "100"]
[EventDate "2014.04.05"]
[EventType "swiss"]
[EventRounds "9"]
[EventCountry "SVK"]
[SourceTitle "EXT 2016"]
[Source "ChessBase"]
[SourceDate "2015.10.08"]
[SourceVersion "1"]
[SourceVersionDate "2015.10.08"]
[SourceQuality "1"]

1. e4 e5 2. Nf3 Nc6 3. d4 exd4 4. Nxd4 Bc5 5. Nxc6 bxc6 6. Bc4 d6 7. Qf3 Qf6 8. Qxf6 Nxf6 9. Nc3 0-0 10. f3 Bb7 11. Bg5 Nd7 12. 0-0-0 Ne5 13. Bb3 Kh8 14. h4 f6 15. Bf4 Rad8 16. Kb1 a5 17. a3 h5 18. Rd2 Ba7 19. Rhd1 Kh7 20. Bxe5 fxe5 21. Ne2 Ba6 22. c4 Rb8 23. Ba2 Bc5 24. Ka1 g6 25. Rd3 Ba7 26. Kb1 Kh6 27. Rh1 g5 28. hxg5+ Kxg5 29. Rh2 Bc5 30. Ka1 Rh8 31. g3 h4 32. g4 h3 33. Rc3 Rbd8 34. b3 Bb7 35. Kb1 Bxa3 36. Kc2 Bb4 37. Rd3 d5 38. Kc1 dxe4 39. Rxd8 Rxd8 40. Rxh3 Rd2 41. Rh5+ Kf6 42. Rf5+ Ke6 43. Rh5 Rxe2 44. Bb1 exf3 45. g5 e4 46. g6 f2 47. Bc2 Ba3+ 48. Kb1 f1Q+ 49. Ka2 Rxc2+ 50. Kxa3 Qa1# 0-1

[Event "SVK-ch U12"]
[Site "Stara Lubovna"]
[Date "2014.04.05"]
[Round "1"]
[White "Ferencak, Jakub"]
[Black "Varga, Lukas"]
[Result "0-1"]
[WhiteElo "1204"]
[BlackElo "1000"]
[PlyCount "138"]
[EventDate "2014.04.05"]
[EventType "swiss"]
[EventRounds "9"]
[EventCountry "SVK"]
[SourceTitle "EXT 2016"]
[Source "ChessBase"]
[SourceDate "2015.10.08"]
[SourceVersion "1"]
[SourceVersionDate "2015.10.08"]
[SourceQuality "1"]

1. e4 Nf6 2. e5 Nd5 3. d4 Nc6 4. Nf3 d6 5. Be2 e6 6. 0-0 Be7 7. c4 Nb6 8. Nc3 0-0 9. Bf4 dxe5 10. dxe5 Nd7 11. Ne4 f6 12. exf6 Nxf6 13. Qxd8 Nxd8 14. Bxc7 Nxe4 15. Rad1 b6 16. Bd3 Bb7 17. Rfe1 Nc5 18. Bc2 Bxf3 19. gxf3 Rxf3 20. b4 Ncb7 21. Be4 Rf7 22. Rd7 Bxb4 23. Rxf7 Kxf7 24. Rb1 Be7 25. Bxd8 Bxd8 26. Bxb7 Rb8 27. Be4 h6 28. c5 Rc8 29. c6 Rc7 30. Rd1 Bf6 31. Kg2 Ke7 32. Kf3 Be5 33. h3 Kf6 34. Kg4 g5 35. h4 Bf4 36. hxg5+ hxg5 37. Kf3 Be5 38. Kg4 Bf4 39. Bg2 Be5 40. Rh1 Bf4 41. a4 Ke5 42. Rd1 Kf6 43. Be4 Ke5 44. Kf3 g4+ 45. Kxg4 Kxe4 46. Re1+ Kd4 47. Kxf4 Rxc6 48. Rd1+ Kc5 49. Rc1+ Kd6 50. Rxc6+ Kxc6 51. Ke5 Kd7 52. f3 Ke7 53. Ke4 Kd6 54. Kd4 e5+ 55. Kc4 Kc6 56. Kb4 a5+ 57. Kc4 b5+ 58. Kb3 b4 59. Kc4 Kb6 60. Kb3 Kc5 61. Kc2 Kd4 62. Kd2 b3 63. Kc1 Kc3 64. Kb1 b2 65. f4 exf4 66. Ka2 Kc2 67. Ka3 f3 68. Ka2 b1Q+ 69. Ka3 Qa1# 0-1

[Event "SVK-ch U10"]
[Site "Lubovna"]
[Date "2013.04.13"]
[Round "9"]
[White "Ferencak, Jakub"]
[Black "Popovic, Martin"]
[Result "0-1"]
[WhiteElo "1091"]
[BlackElo "1000"]
[PlyCount "118"]
[EventDate "2013.04.06"]
[EventType "swiss"]
[EventRounds "9"]
[EventCountry "SVK"]
[SourceTitle "CBM 153 Extra"]
[Source "ChessBase"]
[SourceDate "2013.04.22"]
[SourceVersion "1"]
[SourceVersionDate "2013.04.22"]
[SourceQuality "1"]

1. d4 Nf6 2. Nf3 d5 3. Bg5 Bf5 4. Nc3 Nc6 5. e3 e6 6. Ne5 Nb4 7. Nd3 h6 8. Bh4 c6 9. Be2 Nxd3+ 10. Bxd3 Bxd3 11. Qxd3 Be7 12. f3 Qb6 13. b3 Ba3 14. Rb1 Qa5 15. 0-0 Bb4 16. Ne2 Rg8 17. h3 g5 18. Bg3 h5 19. Be1 Bxe1 20. Rfxe1 0-0-0 21. Rf1 Qc7 22. f4 gxf4 23. Rxf4 Rg6 24. Rbf1 Rdg8 25. R1f2 Qe7 26. Nc3 h4 27. Rxh4 Ne4 28. Rxe4 dxe4 29. Nxe4 Kb8 30. c4 Qh4 31. Nc5 Qxh3 32. Qf1 Rh8 33. Rf3 Qh1+ 34. Kf2 Rxg2+ 35. Qxg2 Rh2 36. Qxh2+ Qxh2+ 37. Kf1 Qxa2 38. Rf2 Qb1+ 39. Kg2 Qg6+ 40. Kf1 Kc7 41. Rg2 Qb1+ 42. Kf2 Qc2+ 43. Kg3 Qg6+ 44. Kf2 Qf5+ 45. Kg1 b6 46. e4 Qf4 47. Nxe6+ fxe6 48. Rg7+ Kb8 49. Rg8+ Kb7 50. Rg7+ Ka6 51. Rg2 Qe3+ 52. Kh1 Qxb3 53. c5 bxc5 54. dxc5 Qf3 55. Kh2 Qf4+ 56. Kg1 Qxe4 57. Ra2+ Kb7 58. Rb2+ Ka8 59. Kf1 Qh1+ 0-1

[Event "SVK-ch U10"]
[Site "Lubovna"]
[Date "2013.04.11"]
[Round "7"]
[White "Ferencak, Jakub"]
[Black "Haring, Filip"]
[Result "0-1"]
[WhiteElo "1091"]
[BlackElo "1713"]
[PlyCount "112"]
[EventDate "2013.04.06"]
[EventType "swiss"]
[EventRounds "9"]
[EventCountry "SVK"]
[SourceTitle "CBM 153 Extra"]
[Source "ChessBase"]
[SourceDate "2013.04.22"]
[SourceVersion "1"]
[SourceVersionDate "2013.04.22"]
[SourceQuality "1"]

1. d4 d5 2. c4 c6 3. Nf3 Nf6 4. Nc3 e6 5. Bf4 Bd6 6. Bxd6 Qxd6 7. Rc1 Nbd7 8. e3 0-0 9. Be2 Qe7 10. 0-0 Re8 11. cxd5 exd5 12. Kh1 Nf8 13. Ne5 Ng6 14. f4 Nf8 15. Bd3 N6d7 16. Qf3 f6 17. Nxd7 Bxd7 18. Rce1 Qb4 19. Re2 f5 20. a3 Qd6 21. b4 a6 22. Na4 a5 23. Nb6 Ra7 24. Nxd7 Qxd7 25. bxa5 Rxa5 26. Ra1 Rea8 27. Rea2 g6 28. Qd1 Qe7 29. Qc1 Nd7 30. h3 Nf6 31. Kh2 Ne4 32. Bxe4 Qxe4 33. Kg3 Ra4 34. Kf2 Qd3 35. Rd2 Qe4 36. Rda2 Rc4 37. Qd2 b5 38. Qb2 Raa4 39. g3 Qe7 40. Rb1 Qa7 41. Rba1 Qa5 42. Kf3 Qc3 43. Qxc3 Rxc3 44. Ke2 Kf7 45. Kd2 Rcc4 46. Rc2 Ke6 47. Rxc4 dxc4 48. Kc3 Kd5 49. h4 b4+ 50. Kc2 Rxa3 51. Rxa3 bxa3 52. Kb1 Ke4 53. Ka2 Kxe3 54. Kxa3 c3 55. Ka2 c2 56. Kb2 Kd2 0-1

[Event "SVK-ch U10"]
[Site "Lubovnianske Kupele"]
[Date "2012.03.20"]
[Round "5"]
[White "Cader, Matej"]
[Black "Ferencak, Jakub"]
[Result "0-1"]
[WhiteElo "1242"]
[BlackElo "1000"]
[PlyCount "114"]
[EventDate "2012.03.17"]
[EventType "swiss"]
[EventRounds "9"]
[EventCountry "SVK"]
[SourceTitle "CBM 147 Extra"]
[Source "ChessBase"]
[SourceDate "2012.04.24"]
[SourceVersion "1"]
[SourceVersionDate "2012.04.24"]
[SourceQuality "1"]

1. e4 e5 2. Nc3 Nf6 3. f4 Nc6 4. Nf3 d6 5. d4 Bg4 6. fxe5 Bxf3 7. Qxf3 Nxd4 8. Qd3 dxe5 9. Nb5 Nxb5 10. Qxb5+ Qd7 11. Qxb7 Rd8 12. Bb5 Qxb5 13. Qxb5+ Rd7 14. Qxe5+ Re7 15. Qb5+ Rd7 16. Qb8+ Rd8 17. Qxc7 Rd7 18. Qb8+ Rd8 19. Qxa7 Bb4+ 20. Bd2 Bxd2+ 21. Kf1 Ng4 22. Ke2 Be3 23. Kf3 Bxa7 24. Kxg4 Rd2 25. Rac1 Rxg2+ 26. Kf3 Rd2 27. a4 Bd4 28. b3 Bb2 29. Rb1 Rxc2 30. b4 Ke7 31. b5 Rb8 32. h4 Ra8 33. h5 h6 34. Rhd1 Rxa4 35. Rd5 Rd4 36. Rxb2 Rc3+ 37. Kf4 Rxd5 38. b6 Rd8 39. b7 Rb8 40. e5 Kd7 41. Kf5 Rf3+ 42. Ke4 Rh3 43. Kd5 Rxh5 44. Rf2 Rxb7 45. Rxf7+ Kc8 46. Rf8+ Kc7 47. Rg8 Kb6 48. Kd6 Rh1 49. e6 Rd1+ 50. Ke5 Re1+ 51. Kf5 h5 52. Rh8 Ka6 53. Rxh5 g6+ 54. Kxg6 Rxe6+ 55. Kf5 Rc6 56. Kg4 Rb4+ 57. Kh3 Rc3+ 0-1

[Event "SVK-ch U10"]
[Site "Lubovnianske Kupele"]
[Date "2012.03.19"]
[Round "4"]
[White "Ferencak, Jakub"]
[Black "Bango, Lukas"]
[Result "0-1"]
[WhiteElo "1000"]
[BlackElo "1705"]
[PlyCount "140"]
[EventDate "2012.03.17"]
[EventType "swiss"]
[EventRounds "9"]
[EventCountry "SVK"]
[SourceTitle "CBM 147 Extra"]
[Source "ChessBase"]
[SourceDate "2012.04.24"]
[SourceVersion "1"]
[SourceVersionDate "2012.04.24"]
[SourceQuality "1"]

1. e4 c6 2. Nc3 d5 3. g3 dxe4 4. Nxe4 Nd7 5. d3 Ngf6 6. Bg2 e6 7. Bg5 Be7 8. Bxf6 Nxf6 9. Nxf6+ Bxf6 10. Nf3 Bxb2 11. Rb1 Bc3+ 12. Nd2 Qa5 13. Rb3 Bxd2+ 14. Qxd2 Qxd2+ 15. Kxd2 Ke7 16. Re1 Rb8 17. d4 Rd8 18. Rd3 Bd7 19. d5 cxd5 20. Rxd5 Bc6 21. Rd3 Rxd3+ 22. cxd3 Bxg2 23. Re5 Bd5 24. a3 Kd6 25. Rg5 g6 26. Rg4 b5 27. Rh4 h5 28. Rf4 f5 29. Kc3 g5 30. Rb4 a5 31. Rb2 e5 32. a4 b4+ 33. Kd2 Rc8 34. Ke3 b3 35. Kd2 Rb8 36. Ke3 Rb4 37. Kd2 Rxa4 38. Kc3 Ra2 39. Rxa2 bxa2 40. Kb2 Kc5 41. Ka1 Kd4 42. h3 Kxd3 43. f3 Bxf3 44. h4 g4 45. Kb2 f4 46. gxf4 a1Q+ 47. Kxa1 exf4 48. Kb2 g3 49. Ka3 Bc6 50. Kb2 g2 51. Kc1 g1B 52. Kd1 Bf2 53. Kc1 Bxh4 54. Kd1 Ba4+ 55. Kc1 Bf6 56. Kb1 Bb3 57. Kc1 f3 58. Kb1 a4 59. Kc1 Kc3 60. Kb1 Bg5 61. Ka1 a3 62. Kb1 f2 63. Ka1 f1N 64. Kb1 Ng3 65. Ka1 Nf5 66. Kb1 Ne7 67. Ka1 Nc6 68. Kb1 Nb4 69. Ka1 Bh6 70. Kb1 a2+ 0-1

[Event "SVK-ch U10"]
[Site "Lubovnianske Kupele"]
[Date "2012.03.19"]
[Round "3"]
[White "Ferencak, Jakub"]
[Black "Celustka, Lukas"]
[Result "0-1"]
[WhiteElo "1000"]
[BlackElo "1183"]
[PlyCount "116"]
[EventDate "2012.03.17"]
[EventType "swiss"]
[EventRounds "9"]
[EventCountry "SVK"]
[SourceTitle "CBM 147 Extra"]
[Source "ChessBase"]
[SourceDate "2012.04.24"]
[SourceVersion "1"]
[SourceVersionDate "2012.04.24"]
[SourceQuality "1"]

1. e4 e5 2. Nf3 Nc6 3. Nc3 Nf6 4. Bb5 d6 5. Bxc6+ bxc6 6. d4 exd4 7. Qxd4 c5 8. Qd3 Be6 9. Ng5 Be7 10. Qb5+ Nd7 11. Nxe6 fxe6 12. 0-0 0-0 13. Qc4 Rf6 14. Bg5 Rg6 15. Bf4 Kh8 16. Rad1 e5 17. Bg3 Qg8 18. Qb5 Nb6 19. Qc6 Qd8 20. f4 d5 21. Qb7 d4 22. b3 Qc8 23. Qxc8+ Rxc8 24. fxe5 dxc3 25. Rf7 Bg5 26. Rdf1 Rg8 27. Rf8 Be3+ 28. Kh1 Bd4 29. h3 Rxg3 30. e6 Bf6 31. Rf7 Re8 32. e7 Kg8 33. Rf8+ Rxf8 34. exf8Q+ Kxf8 35. e5 Rg6 36. exf6 Rxf6 37. Rd1 Rd6 38. Rf1+ Ke7 39. Re1+ Kd7 40. Rf1 Kc6 41. Rf7 Rg6 42. Rf8 Kb5 43. Rf7 Nd5 44. Rf8 a5 45. Rb8+ Rb6 46. a4+ Kb4 47. Rd8 Rd6 48. Rb8+ Ka3 49. Rb5 Kb2 50. Rxa5 Kxc2 51. Rxc5 Kb2 52. a5 c2 53. a6 Rxa6 54. Rxd5 c1Q+ 55. Kh2 Qf4+ 56. g3 Qf2+ 57. Kh1 Ra1+ 58. Rd1 Rxd1# 0-1